000
00200 a2200097 4500
001
59931
100
_a
245
_a
Bombers of the west
260
_a
london
_b
ian allan
_c
1973
090
_c
36769
_d
36769
942
_a
NUST-CAE
_c
_c
29745
999
_c
295004
_d
295004